| 000 -LEADER |
| fixed length control field |
00564cam a22001697a 4500 |
| 008 - FIXED-LENGTH DATA ELEMENTS--GENERAL INFORMATION |
| fixed length control field |
180718b1999 xxu||||| |||| 00| 0 eng d |
| 020 ## - INTERNATIONAL STANDARD BOOK NUMBER |
| International Standard Book Number |
0582253438 |
| 082 ## - DEWEY DECIMAL CLASSIFICATION NUMBER |
| Classification number |
L3 St97 |
| 100 ## - MAIN ENTRY--PERSONAL NAME |
| Personal name |
Sturm, Roland |
| 245 ## - TITLE STATEMENT |
| Title |
Public deficits: a comparative study of their economic and political consequences in Britain, Canada, Germany and the United States |
| Statement of responsibility, etc. |
by Roland Sturm and Markus M. Muller |
| 260 ## - PUBLICATION, DISTRIBUTION, ETC. |
| Place of publication, distribution, etc. |
London |
| Name of publisher, distributor, etc. |
Longman |
| Date of publication, distribution, etc. |
1999 |
| 300 ## - PHYSICAL DESCRIPTION |
| Extent |
140p. |
| 650 ## - SUBJECT ADDED ENTRY--TOPICAL TERM |
| Topical term or geographic name entry element |
(Written off) |
| 650 ## - SUBJECT ADDED ENTRY--TOPICAL TERM |
| Topical term or geographic name entry element |
deficit financing |
| 650 ## - SUBJECT ADDED ENTRY--TOPICAL TERM |
| Topical term or geographic name entry element |
Debts, Public |
| 700 ## - ADDED ENTRY--PERSONAL NAME |
| Personal name |
Muller, Markus M. |